000 00392 a2200145 4500
001 180422
020 _a
040 _cMagnum
100 _aSecretariado de Pastoral e Catequese Santo Angelo
240 1 0 _aUm mundo a construir/8 serie/libertacao pascoa
_lpor
245 1 0 _aUm mundo a construir/8 serie/libertacao pascoa
362 0 _a1899
697 _aMAGNITO: PARADIDATICO
942 _cBK
999 _c180422
_d180422